000 00857nam a2200265Ia 4500
003 OSt
005 20221005104350.0
006 a|||||r|||| 00| 0
007 ta
008 221004b |||||||| |||| 00| 0 hin d
020 _a818910244X (hbk)
_c335.75
024 _a107404
037 _b12962, 19/03/2011, Kitab Ghar
_cTextual
040 _aCRL
_cCRL
_bhin
041 _2hin
_ahin
082 _aT9(T), 152P9
100 _aगोयल, राजीव
245 0 _aशिक्षण कौशल
246 _aShikṣhaṇ kaushala
260 _aदिल्ली
_bप्रेरणा प्रकाशन भारत
_c2009
300 _a150पृ0
_ccm.
650 _aशिक्षण
942 _hT9(T), 152P9
_cTEXL
_2cc
999 _c1012470
_d1012470